Tvorba jednotného energetického trhu v EÚ bakalárska práca

Uložené v:
Podrobná bibliografia
Hlavný autor: Lehotkaiová, Veronika
Korporativný autor: Národohospodárska fakulta EU. Katedra financií
Ďalší autori: Bašová, Alena, 1961-
Médium: Kniha
Jazyk:Slovak
Vydavateľské údaje: Bratislava 2018
Tagy: Pridať tag
Žiadne tagy, Buďte prvý, kto otaguje tento záznam!

MARC

LEADER 00000nbm a2200000 4500
001 0245930
005 20190228085612.0
041 0 |a slo 
044 |a SK 
245 1 0 |a Tvorba jednotného energetického trhu v EÚ  |b bakalárska práca  |c Veronika Lehotkaiová ; školiteľ: Alena Bašová 
264 1 |a Bratislava  |c 2018 
300 |a 49 s. 
100 1 |a Lehotkaiová, Veronika 
700 1 |a Bašová, Alena, 1961- 
710 2 |a Národohospodárska fakulta EU. Katedra financií